[Event "Challenge"]
[Site "http://www.queenalice.com/game.php?id=407507"]
[Date "2008.5.24"]
[Round "-"]
[White "Tourinho"]
[Black "Cristiano_Goiaba"]
[Result "1-0"]
[WhiteElo "1486"]
[BlackElo "1300"]

1. d4 e6 2. c4 b6 3. Nf3 Qf6 4. Bg5 Qg6 5. e3 Bb7 6. Bh4 Bb4+ 7. Nc3 Bxc3+ 8.
bxc3 Nh6 9. h3 O-O 10. Ne5 Qf5 11. Nf3 d5 12. Bd3 Qh5 13. cxd5 Qxd5 14. c4 Qa5+
15. Ke2 f6 16. Qe1 e5 17. Qxa5 bxa5 18. d5 g5 19. Bg3 1-0

[Event "Let's Play Chess!"]
[Site "http://www.queenalice.com/game.php?id=420897"]
[Date "2008.6.21"]
[Round "-"]
[White "therota2"]
[Black "Cristiano_Goiaba"]
[Result "1-0"]
[WhiteElo "1144"]
[BlackElo "1323"]

1. d4 e6 2. e4 Qf6 3. Be3 Bb4+ 4. c3 Bf8 5. e5 Qh4 6. Bd3 Nh6 7. Nf3 Qg4 8. g3
Nf5 9. h3 Nxe3 10. hxg4 Nxd1 11. Kxd1 b5 12. Bxh7 Bb7 13. Nbd2 c5 14. Ke2 cxd4
15. cxd4 Bb4 16. Rad1 Nc6 17. Be4 Rxh1 18. Rxh1 O-O-O 19. Rc1 Kb8 20. Bd3 d6 21.
Bxb5 dxe5 22. Bxc6 exd4 23. Nb3 d3+ 24. Kf1 d2 25. Rd1 1-0

[Event "Challenge"]
[Site "http://www.queenalice.com/game.php?id=484029"]
[Date "2008.10.27"]
[Round "-"]
[White "igorzz"]
[Black "Cristiano_Goiaba"]
[Result "1-0"]
[WhiteElo "1831"]
[BlackElo "1289"]

1. e4 e6 2. d4 Bb4+ 3. Bd2 Na6 4. Bxa6 bxa6 5. Bxb4 f5 6. Nc3 d6 7. exf5 Bb7 8.
Nf3 Bxf3 9. Qxf3 Rb8 10. Ba3 e5 11. dxe5 dxe5 12. Rd1 Qg5 13. Qc6+ Kf7 14. Rd7+
Ke8 15. Rxg7+ Kd8 16. Qd7# 1-0

[Event "AUTO-OPEN-1317"]
[Site "http://www.queenalice.com/game.php?id=484149"]
[Date "2008.10.28"]
[Round "1"]
[White "heidy"]
[Black "Cristiano_Goiaba"]
[Result "1-0"]
[WhiteElo "2050"]
[BlackElo "1451"]

1. e4 e6 2. d4 Bb4+ 3. c3 Bf8 4. Be3 b6 5. Bd3 Bb7 6. Nf3 f5 7. exf5 exf5 8.
Bxf5 Qf6 9. Bd3 Bxf3 10. Qxf3 Nc6 11. Nd2 O-O-O 12. Ba6+ Kb8 13. d5 Ne5 14. Qg3
Ne7 15. Bd4 d6 16. O-O Nf5 17. Bxe5 dxe5 18. Qf3 Nh4 19. Qxf6 gxf6 20. Ne4 f5
21. Ng5 Rg8 22. f4 Bc5+ 23. Kh1 e4 24. g3 h6 25. Ne6 Rxd5 26. Nxc5 Rxc5 27. gxh4
e3 28. Rae1 Re8 29. Rf3 Ra5 30. Bc4 Rxa2 31. Bxa2 e2 32. Rf2 a5 33. Rfxe2 Rd8
34. Re8 Rxe8 35. Rxe8+ Kb7 36. Re5 c5 37. Rxf5 Kc6 38. Rd5 a4 39. f5 Kb5 40. f6
Kc6 41. f7 b5 42. f8=Q c4 43. Qc5+ Kb7 44. Rd7+ Kb8 45. Qf8# 1-0

[Event "AUTO-OPEN-1317"]
[Site "http://www.queenalice.com/game.php?id=484150"]
[Date "2008.10.28"]
[Round "1"]
[White "Cristiano_Goiaba"]
[Black "heidy"]
[Result "0-1"]
[WhiteElo "1451"]
[BlackElo "2083"]

1. Nc3 Nf6 2. Na4 e6 3. c4 b6 4. g4 Nxg4 5. e4 Ne5 6. d4 Nec6 7. d5 exd5 8. cxd5
Ne5 9. Bf4 Bd6 10. Bxe5 Bxe5 11. Qg4 Qf6 12. f4 Qxf4 13. Qxf4 Bxf4 14. Nf3 Ba6
15. Bxa6 Nxa6 16. Nd4 Be5 17. Nb5 O-O 18. O-O-O Nc5 19. b3 Nxa4 20. bxa4 a6 21.
Na3 Rfe8 22. h4 Bf4+ 23. Kc2 Rxe4 24. Rde1 Rae8 25. Kd1 Rxe1+ 26. Rxe1 Rxe1+ 27.
Kxe1 Bg3+ 28. Ke2 Bxh4 29. Nc4 Be7 30. Ke3 f5 31. Ne5 Bd6 32. Nxd7 Kf7 33. Nb8
a5 34. Nc6 g5 35. Nd4 Bc5 36. Kd3 Bxd4 37. Kxd4 g4 38. Ke3 Kf6 39. Kf4 h5 40. a3
h4 41. Ke3 Ke5 42. Kd3 h3 43. d6 cxd6 44. Ke3 h2 45. Kf2 h1=Q 46. Ke3 Qf3+ 47.
Kd2 Kd4 48. Kc2 Qc3+ 49. Kd1 Qb2 50. Ke1 Ke3 51. Kf1 Qf2# 0-1

[Event "AUTO-OPEN-1317"]
[Site "http://www.queenalice.com/game.php?id=484165"]
[Date "2008.10.28"]
[Round "1"]
[White "yanpom"]
[Black "Cristiano_Goiaba"]
[Result "1-0"]
[WhiteElo "1738"]
[BlackElo "1489"]

1. e4 Nc6 2. Nc3 g6 3. d4 e6 4. d5 exd5 5. exd5 Nb8 6. Qe2+ Qe7 7. Qxe7+ Bxe7 8.
Bd3 Bb4 9. Bd2 Bxc3 10. Bxc3 f6 11. O-O-O c6 12. Re1+ Kf7 13. dxc6 bxc6 14. Bc4+
Kg7 15. Bxg8 Rxg8 16. Re7+ Kh6 17. Bd2+ g5 18. h4 Kg6 19. hxg5 fxg5 20. Rexh7
Ba6 21. R1h6+ Kf5 22. Rf7+ Kg4 23. f3+ Kg3 24. f4 Kxg2 25. Nh3 gxf4 26. Nxf4+
Kg3 27. Nh5+ Kg2 28. Nf4+ Kf3 29. Rh3+ Ke4 30. Re7+ Kf5 31. Rf7+ Ke5 32. Rh5+
Kd6 33. Bb4+ Kc7 34. Ne6+ Kb7 35. Nc5+ Kb6 36. Nxd7+ Nxd7 37. Rxd7 Bb5 38. b3
Rac8 39. a4 c5 40. Rh6+ Rc6 41. Rhh7 cxb4 42. axb5 Kxb5 43. Rxa7 Rg1+ 44. Kb2
Rd6 45. Rhc7 Rc6 46. Rab7+ Kc5 47. Rxc6+ Kxc6 48. Rxb4 Kc5 49. Rc4+ Kb5 50. c3
Rg2+ 51. Ka3 Rc2 52. Rb4+ Kc5 53. c4 Kd4 54. Ka4 Kc5 55. Rb5+ Kc6 56. Kb4 Re2
57. Rc5+ Kb6 58. Rb5+ Ka6 59. Ra5+ Kb6 60. c5+ Kc6 61. Ra6+ Kd5 62. Rd6+ Ke5 63.
Kb5 Rb2 64. b4 Ra2 65. Ra6 Rb2 66. c6 Kd6 67. Ra7 Rc2 68. Rd7+ Ke6 69. Kb6 Rc4
70. b5 Rf4 71. Kc7 Rf8 72. b6 Ra8 73. b7 Ra7 74. Kc8 Ra6 75. b8=Q Ra8 76. Qxa8
Ke5 77. Qa5+ Ke4 78. Qd5+ Ke3 79. Qe5+ Kf3 80. Rf7+ 1-0

[Event "AUTO-OPEN-1317"]
[Site "http://www.queenalice.com/game.php?id=484166"]
[Date "2008.10.28"]
[Round "1"]
[White "Cristiano_Goiaba"]
[Black "yanpom"]
[Result "0-1"]
[WhiteElo "1440"]
[BlackElo "1949"]

1. e3 e5 2. Nf3 e4 3. Ne5 d6 4. Nc4 d5 5. Na5 c5 6. Nb3 c4 7. Nd4 Bc5 8. Nb5 a6
9. N5c3 Nf6 10. d3 cxd3 11. cxd3 exd3 12. Qxd3 O-O 13. Nd2 Bb4 14. a3 Bxc3 15.
bxc3 Nc6 16. a4 Ne5 17. Qd4 Nc6 18. Qf4 Re8 19. Bd3 h6 20. c4 Nb4 21. Qd4 dxc4
22. Qxc4 Nxd3+ 23. Ke2 Nxc1+ 24. Rhxc1 Be6 25. Qf4 Rc8 26. g4 Rxc1 27. Rxc1
Bxg4+ 28. f3 Be6 29. e4 Qd4 30. Qc7 Rc8 31. Qf4 Rxc1 32. h4 Bc4+ 33. Nxc4 Qxc4+
0-1

[Event "Challenge"]
[Site "http://www.queenalice.com/game.php?id=488055"]
[Date "2008.11.5"]
[Round "-"]
[White "bdoll"]
[Black "Cristiano_Goiaba"]
[Result "0-1"]
[WhiteElo "1106"]
[BlackElo "1317"]

1. e4 Nc6 2. Nf3 g6 3. Bb5 Nb8 4. O-O e6 5. d4 Nf6 6. e5 Ng8 7. Nc3 a6 8. Bd3 b5
9. Ng5 f6 10. exf6 Qxf6 11. Nce4 Qe7 12. Re1 d5 13. Nc5 Bh6 14. Ngxe6 Bxe6 15.
Nxe6 Qf6 16. Nxc7+ Kd7 17. Nxa8 Bxc1 18. Rxc1 Nh6 19. c3 Kc6 20. Rc2 Nd7 0-1

[Event "Challenge"]
[Site "http://www.queenalice.com/game.php?id=488056"]
[Date "2008.11.5"]
[Round "-"]
[White "Cristiano_Goiaba"]
[Black "bdoll"]
[Result "1-0"]
[WhiteElo "1287"]
[BlackElo "1629"]

1. e3 d5 2. Nc3 e6 3. Nf3 c5 4. Ne5 Bd6 5. Nf3 Nf6 6. Ng5 O-O 7. e4 d4 8. Nb5 h6
9. Nh3 Nxe4 10. Qf3 f5 11. d3 Nf6 12. Nf4 Nc6 13. Bd2 Ne5 14. Qg3 Be7 15. Ng6
Rf7 16. Nxe5 Nh5 17. Qg6 f4 18. Qxf7+ 1-0

[Event "Challenge"]
[Site "http://www.queenalice.com/game.php?id=496638"]
[Date "2008.11.21"]
[Round "-"]
[White "Cristiano_Goiaba"]
[Black "shady66"]
[Result "1-0"]
[WhiteElo "1325"]
[BlackElo "1631"]

1. e3 g6 2. b3 Bg7 3. d4 d5 4. Nc3 e6 5. Bb5+ Bd7 6. Nf3 Bxb5 7. Nxb5 c6 8. Na3
Nd7 9. Ng5 f5 10. Nxe6 Bf6 11. Nxd8 1-0

[Event "AUTO-OPEN-1344"]
[Site "http://www.queenalice.com/game.php?id=496756"]
[Date "2008.11.22"]
[Round "1"]
[White "Cristiano_Goiaba"]
[Black "The_Searcher"]
[Result "1-0"]
[WhiteElo "1380"]
[BlackElo "1381"]

1. e3 e5 2. Nf3 Nc6 3. b3 Nf6 4. Bb2 Bd6 5. Ng5 e4 6. Bc4 O-O 7. Na3 h6 8. Nh3
Be7 9. g4 Nxg4 10. Qxg4 d6 11. Qxg7# 1-0

[Event "AUTO-OPEN-1344"]
[Site "http://www.queenalice.com/game.php?id=496757"]
[Date "2008.11.22"]
[Round "1"]
[White "The_Searcher"]
[Black "Cristiano_Goiaba"]
[Result "0-1"]
[WhiteElo "1359"]
[BlackElo "1438"]

1. e4 Nc6 2. d4 e6 3. e5 Bb4+ 4. Nc3 Bxc3+ 5. bxc3 h5 6. Nf3 d6 7. exd6 cxd6 8.
Bc4 h4 9. g3 d5 10. Bb5 hxg3 11. fxg3 Qa5 12. Bxc6+ bxc6 13. Bd2 e5 14. dxe5 Bg4
15. c4 Qa3 16. h3 Bxf3 17. Kf2 Bxd1 18. Raxd1 Qc5+ 19. Be3 Qxc4 20. a3 Nh6 21.
g4 Qxc2+ 22. Rd2 Qc3 23. Rb1 O-O 24. Rbd1 Qxe5 25. Re1 Rfe8 26. Ree2 Qf6+ 27.
Ke1 Qh4+ 28. Bf2 Qxh3 29. Rd3 Qxd3 0-1

[Event "AUTO-OPEN-1344"]
[Site "http://www.queenalice.com/game.php?id=496758"]
[Date "2008.11.22"]
[Round "1"]
[White "Cristiano_Goiaba"]
[Black "abo01"]
[Result "1-0"]
[WhiteElo "1451"]
[BlackElo "1549"]

1. Nc3 e5 2. Nf3 f6 3. e3 Qe7 4. b3 Nh6 5. a4 Qe6 6. Nb5 Na6 7. d4 c6 8. Bc4 Qg4
9. O-O cxb5 10. Bxb5 Nc7 11. h3 Qe6 12. e4 f5 13. d5 Qg6 14. Nxe5 Qf6 15. Bb2
fxe4 16. f3 Qb6+ 17. Bd4 Bc5 18. Bxc5 Qxc5+ 19. Rf2 Nxb5 20. axb5 O-O 21. g4 1-0

[Event "AUTO-OPEN-1344"]
[Site "http://www.queenalice.com/game.php?id=496759"]
[Date "2008.11.22"]
[Round "1"]
[White "abo01"]
[Black "Cristiano_Goiaba"]
[Result "0-1"]
[WhiteElo "1513"]
[BlackElo "1471"]

1. e3 e6 2. Nf3 Nc6 3. Bd3 g5 4. O-O g4 5. Nd4 Nb4 6. Bc4 Bg7 7. Nb5 a6 8. Qxg4
Be5 9. Qh5 d6 10. N5a3 Nf6 11. Qh4 b5 12. Bb3 Bb7 13. Qxb4 Rg8 14. g3 c5 15. Qh4
c4 16. Nxc4 bxc4 17. Qxc4 Nh5 18. Ba4+ Kf8 19. Qe2 Qg5 20. e4 f5 21. d3 Nf4 22.
Bxf4 Bxf4 23. Kg2 fxe4 24. d4 e3+ 25. f3 Bxg3 0-1

[Event "AUTO-OPEN-1344"]
[Site "http://www.queenalice.com/game.php?id=496760"]
[Date "2008.11.22"]
[Round "1"]
[White "Cristiano_Goiaba"]
[Black "atila"]
[Result "1-0"]
[WhiteElo "1353"]
[BlackElo "1622"]

1. e3 Nf6 2. Qf3 d5 3. Bb5+ Bd7 4. c4 Bxb5 5. cxb5 c6 6. bxc6 Nxc6 7. b3 e6 8.
Bb2 Be7 9. Bxf6 Bxf6 10. d4 Nxd4 11. exd4 Bxd4 12. Nc3 Qc7 13. Rc1 Rc8 14. Nge2
Bf6 15. O-O O-O 16. Nxd5 Qd6 17. Nxf6+ gxf6 18. Rxc8 Rxc8 19. Qg3+ Qxg3 20. fxg3
f5 21. Rc1 Rxc1+ 22. Nxc1 Kg7 23. a4 Kf6 24. h4 h5 25. Nd3 e5 26. Kf2 e4 27. Nf4
Ke5 28. Nxh5 Kd4 29. Ke2 e3 30. Nf6 a6 31. h5 Ke5 32. Ng8 Ke6 33. h6 1-0

[Event "AUTO-OPEN-1344"]
[Site "http://www.queenalice.com/game.php?id=496761"]
[Date "2008.11.22"]
[Round "1"]
[White "atila"]
[Black "Cristiano_Goiaba"]
[Result "1-0"]
[WhiteElo "1578"]
[BlackElo "1353"]

1. Nc3 Nc6 2. d4 e6 3. e4 Bb4 4. Bd2 Nxd4 5. Nf3 Nxf3+ 6. gxf3 Bxc3 7. Bxc3 f6
8. Bd2 f5 9. exf5 exf5 10. Bd3 g6 11. Bc3 Nf6 12. Qe2+ Kf8 13. O-O Rg8 14. Rfe1
b6 15. Bxf6 Qxf6 16. Qe8+ Kg7 17. Re7+ Kh6 18. Qxg8 Qxe7 19. Qd5 Qg5+ 20. Kf1 c6
21. Qd4 Bb7 22. Ke2 Re8+ 23. Kf1 c5 24. Qxd7 Bxf3 25. Qxe8 Qg2+ 26. Ke1 Qg1+ 27.
Bf1 Qxh2 28. Qe3+ f4 29. Qxf3 g5 30. Qh3+ Qxh3 31. Bxh3 1-0

[Event "Challenge"]
[Site "http://www.queenalice.com/game.php?id=503778"]
[Date "2008.12.6"]
[Round "-"]
[White "nightprawler"]
[Black "Cristiano_Goiaba"]
[Result "1-0"]
[WhiteElo "1812"]
[BlackElo "1451"]

1. e4 e6 2. e5 Qg5 3. d4 Qg6 4. a3 Nh6 5. h3 Qe4+ 6. Ne2 Nf5 7. Nd2 Qd5 8. Nb3
Qc6 9. Nf4 g5 10. Nh5 Bh6 11. Nf6+ Ke7 12. Ng4 b6 13. Nxh6 Nxh6 14. Bxg5+ Ke8
15. Bxh6 Ba6 16. Bxa6 1-0

[Event "Challenge"]
[Site "http://www.queenalice.com/game.php?id=509319"]
[Date "2008.12.18"]
[Round "-"]
[White "RobertoAllan"]
[Black "Cristiano_Goiaba"]
[Result "1-0"]
[WhiteElo "1061"]
[BlackElo "1483"]

1. e4 e6 2. Nf3 Qf6 3. Bc4 b6 4. O-O Nh6 5. d3 Ng4 6. Bg5 Qxb2 7. Nbd2 h6 8. Rb1
Qc3 9. Nh4 f5 10. exf5 Qe5 11. Re1 Qxh2+ 12. Kf1 hxg5 13. Nhf3 Qh1+ 14. Ke2 1-0